A páratlan embör
Elmentve itt :
| Szerző: | |
|---|---|
| Dokumentumtípus: | Cikk |
| Megjelent: |
1972-07-08
|
| Sorozat: | Délmagyarország
62 No. 159 |
| Kulcsszavak: | Burkus Tihamér, Anekdoták magyar Szeged, hiedelmek |
| Online Access: | http://dmarchiv.bibl.u-szeged.hu/61559 |
| LEADER | 00478nab a2200157 i 4500 | ||
|---|---|---|---|
| 001 | delm61559 | ||
| 005 | 20180927144514.0 | ||
| 008 | 180927s1972 hu o 0|| hun d | ||
| 040 | |a SZTE Délmagyarország Archívum |b hun | ||
| 041 | |a hun | ||
| 100 | 1 | |a Csongor Győző | |
| 245 | 1 | 2 | |a A páratlan embör |h [elektronikus dokumentum] / |c Csongor Győző |
| 260 | |c 1972-07-08 | ||
| 300 | |a 4 | ||
| 490 | 0 | |a Délmagyarország |v 62 No. 159 | |
| 695 | |a Burkus Tihamér, Anekdoták magyar Szeged, hiedelmek | ||